| 000 | 00873nas a2200277 4500 | ||
|---|---|---|---|
| 001 | BR8003112 | ||
| 003 | BR-BrBNA | ||
| 005 | 20231205084320.0 | ||
| 007 | ta | ||
| 008 | 230509b bl.|||p| |||| 00| 00por d | ||
| 040 |
_aBR-BrBNA _bpor _cBiblioteca Nacional de Agricultura |
||
| 041 | _a(Pt) | ||
| 072 | _aH20 | ||
| 100 | 1 | _aFinger, C.A. | |
| 100 | 1 | _aMinussi, E. | |
| 245 | 1 | _aAgente causal da antracnose da timbauva (Enterolobium contortisiliquum (Vell)Morong): sintomatologia e testes de inibicao in vitro do patogeno [Colletotrichum sp.; Fungo] | |
| 650 | _aDoenca de planta | ||
| 650 | _aAntracnose | ||
| 650 | _aFungo | ||
| 650 | _aFungicida | ||
| 650 | _aLeguminosa | ||
| 650 | _aTimbauva | ||
| 773 | 0 |
_tFloresta (Brazil) _xISSN 0015-3826 _g(Dec 1980), v. 11(2) p. 26-34 _wBR8003112 |
|
| 909 |
_a202311 _bLúcia _c55 _dLúcia Elande |
||
| 942 |
_2AGRIS _n0 _cANA |
||
| 999 |
_c104445 _d104445 |
||